Egypt from Alexander to the Copts : (Record no. 63062)
[ view plain ]
| 000 -الفاتح | |
|---|---|
| حقل البيانات ثابتة الطول | 00785nam a22002297a 4500 |
| 005 - وقت وتاريخ اخر تعامل مع التسجيلة | |
| رقم الضبط | 20240530110621.0 |
| 008 - عناصر البيانات ثابتة الطول - معلومات عامة | |
| حقل البيانات ثابتة الطول | 161220s2008 ua beo g b 001 0 eng d |
| 020 ## - الرقم الدولى المعيارى للكتب | |
| الرقم الدولى المعيارى للكتاب | 9789774161766 |
| 040 ## - مصدر الفهرسة | |
| وكالة الفهرسة الأصلية | EG-CaGPL |
| 082 04 - رقم تصنيف ديوى العشرى | |
| رقم الطبعة | 21 |
| رقم التصنيف | 932 |
| رقم المادة | CC/B E |
| 100 1# - المدخل الرئيسى - إسم شخصى | |
| الإسم الشخصى | Bagnall , Roger S. |
| 245 10 - بيان العنوان | |
| العنوان | Egypt from Alexander to the Copts : |
| بقية العنوان | An archaeoligical and historical guide \ |
| بيان المسئوليه,etc | Roger S. Bagnall , Dominic W. Rathbone |
| 260 ## - PUBLICATION, DISTRIBUTION, ETC. (IMPRINT) | |
| تاريخ النشر أو التوزيع | 2008 |
| 300 ## - الوصف المادى | |
| التعداد | 319 pages : |
| تفاصيل ماديه اخرى للوعاء | maps , plans , photos ; |
| أبعاد الوعاء | 24 cm. |
| 504 ## - تبصرة ببليوجرافية | |
| تبصرة ببليوجرافية,الخ | Includes bibliographical references (pages 295 - 311) |
| 650 #0 - المدخل الاضافى بالموضوع-مصطلح موضوعى | |
| مصطلح موضوعي | Egyptology |
| 651 #0 - المدخل الاضافى بالموضوع - اسم جغرافى | |
| الاسم الجغرافي | Egypt |
| 651 #0 - المدخل الاضافى بالموضوع - اسم جغرافى | |
| الاسم الجغرافي | Egypt |
| التقسيم الفرعي العام | ancient history |
| 651 #0 - المدخل الاضافى بالموضوع - اسم جغرافى | |
| الاسم الجغرافي | Egypt |
| التقسيم الفرعي العام | history |
| 700 1# - المدخل الاضافى - اسم شخصى | |
| الإسم الشخصى | Ratthbone, Dominic W. |
| الدور | editor |
| 942 ## - عناصر المدخل الإضافي( كوها) | |
| مصدر التصنيف او مخطط الترفيف | Dewey Decimal Classification |
| Koha [default] item type | كتاب |
| 260 ## - PUBLICATION, DISTRIBUTION, ETC. (IMPRINT) | |
| -- | cairo : |
| -- | the american university in cairo press , |
| حالة التراجع | حالة الفقد | حالة تلف | ليس للاعارة | المكان المؤقت | الموقع الحالى | موقع الترفيف | تاريخ الاكتساب | اجمالي اﻻعارات | رقم الطلب | الباركود | تاريخ اخر مشاهدة | تاريخ تفعيل السعر | نوع وعاء كوها |
|---|---|---|---|---|---|---|---|---|---|---|---|---|---|
| مكتبة القاهرة الكبرى | مكتبة القاهرة الكبرى | 12/20/2016 | 932 CC/B E | 163014 | 12/20/2016 | 12/20/2016 | كتاب |

